000 00533nam a2200229Ia 4500
008 210210b2019 xxu||||| |||| 00| 0 eng d
041 _aeng
082 _a954.035092K HANS
100 _aHANIF (Bi Em)
245 _aSekyular senani subhash chandra bos
260 _aBengaluru
_bAnuvada Prakashana
_c2019
300 _axx,52
650 _asubhash
650 _asenani
650 _aSekyular
650 _asecular
650 _achandra
650 _abose
650 _abos
690 _aIndian History
906 _a073949
999 _c123703
_d123703